000 00379nam a22001337a 4500
005 20230119140616.0
008 230119b |||||||| |||| 00| 0 eng d
040 _c##$aRTC$cRTC
082 _a809.09
245 _aLIT 307 :
_b20th Century English Literature
_cRoyal Thimphu College
260 _aThimphu :
_bRoyal Thimphu College,
_c2020
300 _a23 p.
942 _2ddc
_cCE TEXBOOK
999 _c9229
_d9230